<?xml version="1.0" encoding="UTF-8"?>
<marc:record xmlns:marc="http://www.loc.gov/MARC21/slim">
   <marc:leader>00000nam a2200000 a 4500</marc:leader>
   <marc:datafield ind1="1" ind2=" " tag="100">
      <marc:subfield code="a">Estep, Jennifer</marc:subfield>
      <marc:subfield code="4">aut</marc:subfield>
      <marc:subfield code="e">Verfasser/-in</marc:subfield>
   </marc:datafield>
   <marc:datafield ind1="0" ind2="0" tag="245">
      <marc:subfield code="a">Sense of Danger</marc:subfield>
   </marc:datafield>
   <marc:datafield ind1="0" ind2="0" tag="245">
      <marc:subfield code="b">Roman</marc:subfield>
   </marc:datafield>
   <marc:datafield ind1="0" ind2="0" tag="245">
      <marc:subfield code="c">Jennifer Estep ; aus dem Amerikanischen von Vanessa Lamatsch</marc:subfield>
   </marc:datafield>
   <marc:datafield ind1=" " ind2="1" tag="264">
      <marc:subfield code="a">München</marc:subfield>
      <marc:subfield code="b">Piper</marc:subfield>
      <marc:subfield code="c">2022</marc:subfield>
   </marc:datafield>
   <marc:datafield ind1="1" ind2=" " tag="520">
      <marc:subfield code="a">Quelle: bn.bibliotheksnachrichten (http://www.biblio.at/literatur/bn/index.html); #Autor: Michaela Faustmann; #Paranormale Regierungsfälle. (DR)#Eigentlich klingt Charlottes Jobbeschreibung spannend: Mittels ihrer magischen Fähigkeiten hilft sie in der Section 47 der Regierung, Lügner zu enttarnen und paranormale Verbrecher zu fangen. So weit, so gut, dennoch besteht ihr Job hauptsächlich aus trockener Schreibarbeit - bis zu dem Tag, an dem ihre Berichte sie zur Zielscheibe machen.#Das Buch ist sehr fesselnd und toll geschrieben. Die Geschichte wird aus der Perspektive von Charlotte und aus jener des geheimnisvollen Cleaners Desmond erzählt. Eine klare Leseempfehlung für alle, die gerne auch einmal zu einem Genre-Mix greifen: »Sense of Danger« ist ein Kriminalroman mit einem Hauch von Fantasy und Romance.</marc:subfield>
   </marc:datafield>
   <marc:datafield ind1=" " ind2=" " tag="020">
      <marc:subfield code="a">9783492706384</marc:subfield>
      <marc:subfield code="9">9783492706384</marc:subfield>
   </marc:datafield>
   <marc:datafield ind1=" " ind2=" " tag="041">
      <marc:subfield code="a">ger</marc:subfield>
   </marc:datafield>
   <marc:datafield ind1=" " ind2=" " tag="300">
      <marc:subfield code="a">413 Seiten</marc:subfield>
   </marc:datafield>
</marc:record>
